[Event "San Francisco Donaldson-ch"]
[Site "San Francisco"]
[Date "2019.12.22"]
[Round "4"]
[White "Viswanathan, Arul"]
[Black "Hon, Eric"]
[Result "0-1"]
[WhiteElo "1760"]
[BlackElo "1946"]
[PlyCount "49"]
[EventDate "2019.12.21"]
[EventType "swiss"]
[EventRounds "5"]
[EventCountry "USA"]
[SourceTitle "CBM 194 Extra"]
[Source "ChessBase"]
[SourceDate "2020.03.31"]
[SourceVersion "1"]
[SourceVersionDate "2020.03.31"]
[SourceQuality "1"]

1. d4 Nf6 2. Bf4 c5 3. e3 g6 4. Nf3 Bg7 5. Be2 0-0 6. Nc3 a6 7. 0-0 cxd4 8. exd4 d5 9. Ne5 b5 10. a3 Qb6 11. a4 b4 12. a5 Qb7 13. Na4 Nbd7 14. Nc5 Nxc5 15. dxc5 Bd7 16. c4 bxc3 17. bxc3 Ne4 18. Rb1 Qc8 19. Qxd5 Nxc3 20. Qd2 Nxe2+ 21. Qxe2 Bb5 22. Rxb5 axb5 23. Qxb5 Qf5 24. Nd3 Rfd8 25. Rd1 0-1

[Event "San Francisco Donaldson-ch"]
[Site "San Francisco"]
[Date "2019.12.21"]
[Round "3"]
[White "Dixit, Arun"]
[Black "Viswanathan, Arul"]
[Result "1/2-1/2"]
[WhiteElo "1991"]
[BlackElo "1760"]
[PlyCount "94"]
[EventDate "2019.12.21"]
[EventType "swiss"]
[EventRounds "5"]
[EventCountry "USA"]
[SourceTitle "CBM 194 Extra"]
[Source "ChessBase"]
[SourceDate "2020.03.31"]
[SourceVersion "1"]
[SourceVersionDate "2020.03.31"]
[SourceQuality "1"]

1. d4 c5 2. e3 Nf6 3. Nf3 d5 4. c3 Nc6 5. Be2 e6 6. Nbd2 Bd6 7. 0-0 0-0 8. dxc5 Bxc5 9. Nb3 Bd6 10. c4 dxc4 11. Bxc4 e5 12. h3 e4 13. Nfd4 Ne5 14. Be2 a6 15. Bd2 g5 16. f4 exf3 17. Nxf3 g4 18. Nxe5 Bxe5 19. Bc3 Bxc3 20. bxc3 Qxd1 21. Raxd1 Ne4 22. Bxg4 Bxg4 23. hxg4 Rad8 24. c4 Nc3 25. Rxd8 Rxd8 26. Rf2 Rd1+ 27. Kh2 Re1 28. Nc5 b5 29. cxb5 axb5 30. Rb2 Rb1 31. Rxb1 Nxb1 32. a4 bxa4 33. Nxa4 Nd2 34. Kg3 Kg7 35. Kf4 Kg6 36. Nc5 Nc4 37. Nd7 f6 38. e4 h6 39. g3 Kf7 40. e5 fxe5+ 41. Nxe5+ Nxe5 42. Kxe5 Kg6 43. Kf4 Kf6 44. g5+ hxg5+ 45. Ke4 Kg6 46. g4 Kg7 47. Ke5 Kg8 1/2-1/2

[Event "Philadelphia int op 11th"]
[Site "Philadelphia"]
[Date "2017.06.25"]
[Round "4"]
[White "Wongso, Steve"]
[Black "Viswanathan, Arul"]
[Result "0-1"]
[WhiteElo "1636"]
[BlackElo "1714"]
[PlyCount "118"]
[EventDate "2017.06.24"]
[EventType "swiss"]
[EventRounds "9"]
[EventCountry "USA"]
[SourceTitle "CBM 179 Extra"]
[Source "ChessBase"]
[SourceDate "2017.08.23"]
[SourceVersion "1"]
[SourceVersionDate "2017.08.23"]
[SourceQuality "1"]

1. e4 b6 2. d4 Bb7 3. Bd3 e6 4. Nf3 c5 5. c3 d6 6. 0-0 Nd7 7. Nbd2 Ngf6 8. e5 dxe5 9. dxe5 Ng4 10. Qa4 h5 11. h3 Nh6 12. Be4 Bxe4 13. Nxe4 Nf5 14. Rd1 a6 15. c4 Be7 16. Nfg5 Nd4 17. Nf3 b5 18. Qa3 Nc2 19. Qd3 Nxa1 20. cxb5 axb5 21. Qb1 Qa5 22. a3 Nb3 23. Qd3 Nd4 24. Nxd4 cxd4 25. Qxd4 Qa7 26. Qd3 Rb8 27. Be3 Qc7 28. g3 Nxe5 29. Qe2 Qc4 30. Qxc4 Nxc4 31. Bd4 Rd8 32. Kg2 e5 33. Nc3 exd4 34. Nxb5 Nxb2 35. Rxd4 Rxd4 36. Nxd4 Bxa3 37. Kf3 Kd7 38. g4 hxg4+ 39. Kxg4 Bc5 40. Nf5 g6 41. Ne3 Bxe3 42. fxe3 Nd1 43. e4 Nf2+ 44. Kf3 Nxe4 45. Kxe4 Rxh3 46. Ke5 Ke7 47. Kf4 Kf6 48. Kg4 Ra3 49. Kf4 Ra4+ 50. Ke3 g5 51. Kf3 Kf5 52. Kg3 Ra3+ 53. Kf2 Ke4 54. Kg2 Kf4 55. Kf2 Ra2+ 56. Kf1 Ke4 57. Kg1 Kf4 58. Kh1 Kg3 59. Kg1 Ra1# 0-1

[Event "Philadelphia int op 11th"]
[Site "Philadelphia"]
[Date "2017.06.24"]
[Round "1"]
[White "Viswanathan, Arul"]
[Black "Aaron, Deepak"]
[Result "0-1"]
[WhiteElo "1714"]
[BlackElo "2321"]
[PlyCount "48"]
[EventDate "2017.06.24"]
[EventType "swiss"]
[EventRounds "9"]
[EventCountry "USA"]
[SourceTitle "CBM 179 Extra"]
[Source "ChessBase"]
[SourceDate "2017.08.23"]
[SourceVersion "1"]
[SourceVersionDate "2017.08.23"]
[SourceQuality "1"]

1. d4 e6 2. Nf3 f5 3. Bg5 Be7 4. Bxe7 Qxe7 5. c3 Nf6 6. Nbd2 b6 7. e3 Bb7 8. Bd3 d5 9. Ne5 Nbd7 10. Ndf3 0-0 11. h3 c5 12. g4 f4 13. exf4 Nxe5 14. Nxe5 Ne4 15. Bxe4 dxe4 16. Rg1 Rxf4 17. Qd2 e3 18. fxe3 Qh4+ 19. Kd1 Rf2 20. Qe1 Qf6 21. Nd3 Bf3+ 22. Kc1 Re2 23. Qg3 Rxe3 24. Ne5 Qg5 0-1